| 000 | 00707 a2200253 4500 | ||
|---|---|---|---|
| 999 |
_c68786 _d18630 |
||
| 001 | 68786 | ||
| 003 | TR-AnTOB | ||
| 005 | 20240711090849.0 | ||
| 008 | 000406s1984 tu tur | ||
| 040 |
_aTR-AnTOB _beng _erda _cTR-AnTOB |
||
| 041 | 0 | _atur | |
| 050 |
_aHV6685.T9 _bC65 1984 |
||
| 090 | _aHV 6685.T9 C65 1984 | ||
| 100 | 1 |
_aÇölaşan, Emin _937574 |
|
| 245 | 0 |
_aBanker skandalının perde arkası : _b"bankerler batıyor, Kastelli kaçıyor". / _cEmin. Çölaşan. |
|
| 264 | 1 |
_aİstanbul : _bMilliyet, _c1984. |
|
| 300 | _a464 s. | ||
| 490 | 0 | _aMilliyet Yayınları; 39. | |
| 650 | 0 |
_aZimmete geçirme _zTürkiye _9121512 |
|
| 901 | _a0023469 | ||
| 902 | _aCS, SA 28.5.08 | ||
| 942 |
_cBK _2lcc |
||